| 000 | 00460nam a22001817a 4500 | ||
|---|---|---|---|
| 003 | MPLRDC | ||
| 005 | 20220104124353.0 | ||
| 008 | 210129b ||||| |||| 00| 0 eng d | ||
| 020 | _a7-5321-2798-2 | ||
| 082 | _a874.57 QXL | ||
| 100 | _a裘小龙 | ||
| 245 |
_a外滩花园 _c匡咏梅 译 |
||
| 250 | _a一版一刷 | ||
| 260 |
_a中国 _b上海文艺出版社 _c2005 |
||
| 300 | _b333 | ||
| 650 | _a美国文学--长篇小说 | ||
| 942 |
_cBK _o874.57 QXL |
||
| 999 |
_c18796 _d18786 |
||